000
00321 a2200157 4500
001
60937
020
_a
8599007238
040
_c
Anchieta - Pituba
100
_a
Gouveia, Luis Augusto
240
1
0
_a
Carolina
_l
por
245
1
0
_a
Carolina
300
_a
39
362
0
_a
2005
650
4
_a
Literatura juvenil
942
_c
BK
999
_c
60937
_d
60937